Top 16 Animals Killed for Food - Statistics

General Stats
  • This quiz has been taken 2,714 times
  • The average score is 9 of 16
Answer Stats
# Number of deaths Animal % Correct
10 292,000,000 Cows and calves
99%
2 45,895,000,000 Chickens
97%
4 1,244,000,000 Pigs
95%
1 90,000,000,000 Marine animals
89%
8 515,000,000 Sheep
80%
9 345,000,000 Goats
66%
14 4,000,000 Horses
66%
3 2,262,000,000 Ducks
63%
6 691,000,000 Turkeys
59%
5 857,000,000 Rabbits
47%
7 533,000,000 Geese
38%
13 23,000,000 Buffaloes
31%
12 63,000,000 Pigeons and other birds
31%
11 65,000,000 Rats and mice
23%
16 2,000,000 Camels and other camelidae
19%
15 3,000,000 Donkeys and mules
17%
No matching quizzes found
Score Distribution
Percent of People with Each Score
Percentile by Number Answered
Your Score History
You have not taken this quiz